00500nam a2200169 a 450000100060000000300090000600800410001502000150005604000280007108200180009910000180011724500530013526000520018830000090024065000350024965000460028412623CO-ViMGA141112s2004 ck r 000 u spa d a9586552470 aCO-ViMGAbspacCO-ViMGA04a070.572 L69dl1 aLozano, Uriel10aDirectrices para un editor academico de revistas aMedellín : bUniversidad de Antioquia, c1996 a72p.14aEDICION DE REVISTAS - MANUALES14aPUBLICACONES SERIADAS - NORMAS - MANUALES